00745nam a2200169 a 4500008004100000050001100041100002200052245010800074246004100182260009100223350000900314650002800323650001500351995007800366999001700444952011400461120416s1996 xx |||||||||||||| || u aTHESIS aSinkala, Wankumbu10aImproving productivity in a small manufacturing business in Zambiacthesis supervised by B.C. Siasimuna aa case of Alsasi Ltd based in Lusaka abCopperbelt University, School of Business, Department of Production Managementc1996 a0.00 aINDUSTRIAL PRODUCTIVITY aPRODUCTION D0.00FCBU-MAIN LIBRARY (Kitwe)H1I0.00UAVAILABLEZUniversity Collection c46505d46505 00102lcc4070a001b001cUniversity Collectiond2022-11-30l0oTHESISp9004551r2022-11-30w2022-11-30y002